Kraje z największym procentem ludzi używających smartfony. - Statystyki

Ogólne statystyki
  • Ten quiz został rozwiązany 153 razy
  • Średni wynik to 7 z 10
Statystyki odpowiedzi
procent ludzi używających smartfony Kraj % Poprawnych
81.6% Stany Zjednoczone
98%
77.9% Niemcy
94%
77.6% Francja
93%
78.9% Wielka Brytania
89%
63.4% Chiny
86%
75.9% Włochy
76%
68.5% Rosja
72%
61.7% Turcja
41%
62.9% Iran
14%
63.1% Wietnam
9%
Nie znaleziono quizów pasujących do podanych kryteriów
Rozkład punktacji
Procent ludzi z każdym wynikiem
Percentyl według liczby udzielonych odpowiedzi
Twoja historia wyników
Nie rozwiązałeś tego quizu